000 00294nam a2200121Ia 4500
008 190216s9999||||xx |||||||||||||| ||und||
100 _a"Hingorani N L,Ramanathan,&Amp;Grewal Ts"
245 0 _aManagement Accounting
260 _bNull
_c1982
300 _a555p
650 _aCommerce
942 _cBK
999 _c5046
_d5046